000 00579nam a22001937a 4500
005 20251108173534.0
008 250721s2004 xx 000 0 ara d
082 1 4 _a801.95072/هنك
100 1 _aهنكل، إميل
245 1 0 _aالنقد الأدبي و أصوله العلمية /
264 1 _aدمشق :
_bوزارة الثقافة،
_c2004.
300 _a88 ص.
650 1 7 _aالنقد الأدبي
650 1 7 _aالبحوث
653 _aالنقد العلمي
700 1 _aالكيلاني، إبراهيم
_eTran.
942 _2ddc
_cBK
999 _c106296
_d106296